A mid-night-cry from the temple of God to the ten virgins slumbering and sleeping, Awake, awake, arise, and gird your loyns, and trim your lamps, for behold the bridegroom cometh, go ye therefore out to meet him /

Bibliographic Details
Main Author: Rogers, John, 1648-1721
Format: eBook
Language:English
Series:Early American imprints. Evans (1639-1800) ; no. 1233.
Early American imprints. Evans (1639-1800) ; no. 1232.
Subjects:
Online Access:Evans Digital Edition
Evans Digital Edition

MARC

Tag First Indicator Second Indicator Subfields
LEADER 00000cam a2200000 a 4500
001 in00002152921
006 m e d #
007 cr mn mmmmabba
008 821221s1705 nyu s 000 0 eng d
005 20260330214546.9
035 |z w026021 
035 |a MAAR8212211805B 
035 |9 mwa91-16619 
035 |a 327886 
035 |a aas03026021 
040 |a MWA  |c MWA  |e bdrb  |d UtOrBLW 
100 1 |a Rogers, John,  |d 1648-1721. 
245 1 2 |a A mid-night-cry from the temple of God to the ten virgins slumbering and sleeping, Awake, awake, arise, and gird your loyns, and trim your lamps, for behold the bridegroom cometh, go ye therefore out to meet him /  |c Written by John Rogers. ; [Three lines from John]. 
264 3 |a [New York] :  |b [Printed by William Bradford],  |c [1705?] 
300 |a 2 unnumbered pages, 179 pages, 1 unnumbered page, 9 unnumbered pages, 7, 9-90 pages ;  |c 15 cm. (octavo) 
336 |a text  |b txt  |2 rdacontent 
337 |a computer  |b c  |2 rdamedia 
338 |a online resource  |b cr  |2 rdacarrier 
500 |a Imprint suggested by Evans. 
500 |a "An epistle to the churches of Christ, call'd Quakers."--pages [1-9], 88+, (Evans 1232). Signed on page [9]: J.R. [i.e., John Rogers]. "All known copies are similarly imperfect as though leaves were deliberately canceled before binding."--Shipton & Mooney. 
510 4 |a Evans  |c 1233 
510 4 |a Evans  |c 1232 
530 |a Microform version available in the Readex Early American Imprints series. 
533 |a Electronic text and image data.  |b [Chester, Vt. :  |c Readex, a division of Newsbank, Inc.,  |d 2002-2004.  |e Includes files in TIFF, GIF and PDF formats with inclusion of keyword searchable text.  |f (Early American imprints. First series ; no. 1233). 
533 |a Electronic text and image data.  |b [Chester, Vt. :  |c Readex, a division of Newsbank, Inc.,  |d 2002-2004.  |e Includes files in TIFF, GIF and PDF formats with inclusion of keyword searchable text.  |f (Early American imprints. First series ; no. 1232). 
500 |a Electronic resource. 
650 0 |a Rogerenes. 
700 1 2 |a Rogers, John,  |d 1648-1721.  |t Epistle to the churches of Christ, call'd Quakers. 
740 0 |a Mid-night cry from the temple of God to the ten virgins slumbering and sleeping ... 
752 |a United States  |b New York  |d New York. 
830 0 |a Early American imprints.  |n Series I,  |p Evans (1639-1800) ;  |v no. 1233. 
830 0 |a Early American imprints.  |n Series I,  |p Evans (1639-1800) ;  |v no. 1232. 
856 4 1 |u http://proxy.library.tamu.edu/login?url=https://opac.newsbank.com/select/evans/1233  |y Evans Digital Edition  |t 0 
856 4 1 |u http://proxy.library.tamu.edu/login?url=https://opac.newsbank.com/select/evans/1232  |y Evans Digital Edition  |t 0 
999 |a MARS 
999 f f |s b051bcca-fe16-3059-aa45-7dc98983ac43  |i 22ce09e5-f75f-32c6-8b23-9dc841cfeccd  |t 0 
952 f f |a Texas A&M University  |b College Station  |c Electronic Resources  |s www_evans  |d Available Online  |t 0  |h No information provided 
998 f f |t 0  |l Available Online